000 00545cas a22001694i 4500
999 _c62286
_d62286
001 768714001
003 CO-MdFUSB
005 20180428100206.0
008 180428s2017 cr ||||| |||| 00| 0 spa d
040 _aCO-MdFUSB
_bspa
_cCO-MdFUSB
_dCO-MdFUSB
041 _aspa
100 1 _aWood, Jean C.
_eautor
245 1 0 _aíEs más tarde de lo que piensa!
300 _aVolumen 7. Número 12 (2007), páginas 181-183
_c: 28 cm.
773 0 _tConquista Cristiana
_049446
_960281
_gVolumen 7. Número 12 (2007), páginas 181-183
_qpágina 181
942 _cANA